Мониторинг экономики образования. 2022, № 2 (19): Подготовка кадров для системы СПО: федеральные и региональные инициативы (Запись № 12369051)

Подробности
000 -МАРКЕР
контрольное поле 01829nam2a2200313 4500
001 - ИДЕНТИФИКАТОР ЗАПИСИ
контрольное поле RU\NLR\BIBL_A\012833599
005 - ИДЕНТИФИКАТОР ВЕРСИИ
контрольное поле 20250624174846.0
010 ## - МЕЖДУНАРОДНЫЙ СТАНДАРТНЫЙ НОМЕР КНИГИ (ISBN)
Номер (ISBN) 978-5-7598-2608-8
Тираж 70
035 ## - ДРУГИЕ СИСТЕМНЫЕ НОМЕРА
Идентификатор записи (NLR Aleph) 012833599
100 ## - ДАННЫЕ ОБЩЕЙ ОБРАБОТКИ
Данные общей обработки 20220629d2022 |||y0rusy50 ca
101 0# - ЯЗЫК РЕСУРСА
Язык текста, звукозаписи и т.д. русский
102 ## - СТРАНА ПУБЛИКАЦИИ ИЛИ ПРОИЗВОДСТВА
Страна публикации Российская Федерация
105 ## - ПОЛЕ КОДИРОВАННЫХ ДАННЫХ: ТЕКСТОВЫЕ МАТЕРИАЛЫ, МОНОГРАФИЧЕСКИЕ
Кодированные данные о монографическом текстовом документе a z 000yy
200 1# - ЗАГЛАВИЕ И СВЕДЕНИЯ ОБ ОТВЕТСТВЕННОСТИ
Основное заглавие Подготовка кадров для системы СПО: федеральные и региональные инициативы
Первые сведения об ответственности [Крайчинская С.Б., Петров Е.Е., Романова О.А.]
210 ## - ПУБЛИКАЦИЯ, РАСПРОСТРАНЕНИЕ И ДР.
Дата издания, распространения и т.д. 2022
Место издания, распространения и т.д. Б. м.
215 ## - ФИЗИЧЕСКАЯ ХАРАКТЕРИСТИКА
Специфическое обозначение материала и объем 33 с.
Другие сведения о физической характеристике цв. ил.
Размеры 30
320 ## - ПРИМЕЧАНИЯ О НАЛИЧИИ В ДОКУМЕНТЕ БИБЛИОГРАФИИ / УКАЗАТЕЛЯ
Текст примечания Библиогр. в конце кн.
461 #0 - УРОВЕНЬ НАБОРА
Встроенное поле 001RU\NLR\INFOCOMM9\5000121437
-- 2001#$aМониторинг экономики образования$eИнформ. бюл.$fГос. ун-т - Высш. шк. экономики$v2022, № 2 (19)
Системный номер (АБИС) связанной записи 4205135
Место публикации М.
Дата публикации 2004 -
Первые сведения об ответственности Гос. ун-т - Высш. шк. экономики
Имя издателя, распространителя и т.д. ГУ - ВШЭ
Сведения, относящиеся к заглавию Информ. бюл.
Заглавие Мониторинг экономики образования
ISSN 2782-5353
Номер тома 2022, № 2 (19)
606 1# - НАИМЕНОВАНИЕ ТЕМЫ КАК ПРЕДМЕТ
Наименование темы Учреждения среднего профессионального образования
Тематический подзаголовок Преподаватели
-- Подготовка
Системный номер авторитетной/нормативной записи 2105439
Идентификатор авторитетной/нормативной записи RU\NLR\AUTH\661576542
686 1# - ИНДЕКСЫ ДРУГИХ КЛАССИФИКАЦИЙ
Индекс Ч489.518.81
700 #1 - ИМЯ ЛИЦА - ПЕРВИЧНАЯ ОТВЕТСТВЕННОСТЬ
Начальный элемент ввода Крайчинская
Часть имени, кроме начального элемента ввода С. Б.
Расширение инициалов личного имени Светлана Брониславовна
701 #1 - ИМЯ ЛИЦА - АЛЬТЕРНАТИВНАЯ ОТВЕТСТВЕННОСТЬ
Графика поля Кириллица
Материалы, к которым относится поле rus
Начальный элемент ввода Петров
Часть имени, кроме начального элемента ввода Е. Е.
Дополнения к именам, кроме дат аналитик
Расширение инициалов личного имени Евгений Евгеньевич
Системный номер авторитетной/нормативной записи 230512
Идентификатор авторитетной/нормативной записи RU\NLR\AUTH\770230568
701 #1 - ИМЯ ЛИЦА - АЛЬТЕРНАТИВНАЯ ОТВЕТСТВЕННОСТЬ
Начальный элемент ввода Романова
Часть имени, кроме начального элемента ввода О. А.
Дополнения к именам, кроме дат методист, проф. образование
Расширение инициалов личного имени Ольга Анатольевна
Системный номер авторитетной/нормативной записи 211823
Идентификатор авторитетной/нормативной записи RU\NLR\AUTH\770211879
852 ## - МЕСТОНАХОЖДЕНИЕ И ШИФР ХРАНЕНИЯ
Идентификатор организации NLR
Шифр хранения (Call Number) П29/1180
942 ## - ДОПОЛНИТЕЛЬНЫЕ ЭЛЕМЕНТЫ ЗАПИСИ (АБИС)
Тип экземпляра АБИС Выпуск
980 ## - КОЛЛЕКЦИЯ
Название коллекции Национальная библиография
980 ## - КОЛЛЕКЦИЯ
Название коллекции Русская периодика

Нет доступных экземпляров.